000
00300nam a22001337a 4500
008
171103b xxu||||| |||| 00| 0 eng d
020
_a
2900136085439
041
_a
eng
080
_2
6TH
_a
339.138
100
_a
60
101
_a
MAR
245
_a
MARKETING RESEARCH
_c
MALHOTRA,N.K
942
_2
udc
_c
BK
999
_c
37543
_d
37543